Español 5000 #6 - sustantivos (femeninos, fáciles) - Statistics

General Stats
  • This quiz has been taken 7 times
  • The average score is 78 of 139
Answer Stats
Definición Palabra % Correct
Madre de uno de los padres. abuela
100%
Líquido esencial para la vida. agua
100%
Sentimiento de felicidad. alegría
100%
Parte espiritual de una persona. alma
100%
Medida vertical de algo. altura
100%
Persona con la que se tiene una relación de amistad. amiga
100%
Insecto de ocho patas que teje telarañas. araña
100%
Partículas pequeñas de roca, común en playas. arena
100%
Objeto usado para defensa o ataque. arma
100%
Tela con colores y símbolos representando una nación o grupo. bandera
100%
Conjunto de pelos en la cara, especialmente en la barbilla. barba
100%
Lugar donde se guardan libros para estudio y lectura. biblioteca
100%
Parte del cuerpo usada para hablar y comer. boca
100%
Vía pública donde transitan vehículos y personas. calle
100%
Mueble utilizado para dormir. cama
100%
Composición musical con letra. canción
100%
Mensaje escrito dirigido a alguien. carta
100%
Lugar donde vive una persona o familia. casa
100%
Última comida del día. cena
100%
Bebida alcohólica hecha con cebada y lúpulo. cerveza
100%
Mujer joven o niña. chica
100%
Lugar con gran concentración de población y edificaciones. ciudad
100%
Espacio donde se preparan alimentos. cocina
100%
Objeto o elemento en general. cosa
100%
Diminutivo de "cosa", algo pequeño o de cariño. cosita
100%
Responsabilidad por una falta o error. culpa
100%
Mujer distinguida o elegante. dama
100%
Lado opuesto a la izquierda. derecha
100%
Número de años que tiene una persona. edad
100%
Institución donde se enseña y aprende. escuela
100%
Mujer casada en relación matrimonial. esposa
100%
Descendiente directa de una madre o padre. hija
100%
Lado opuesto a la derecha. izquierda
100%
Mujer que ha tenido hijos. madre
100%
Fin de la vida. muerte
100%
Persona del género femenino. mujer
100%
Fruto cítrico de color anaranjado. naranja
100%
Período del día sin luz solar. noche
100%
Parte del cuerpo que permite escuchar sonidos. oreja
100%
Unidad de lenguaje con significado. palabra
100%
Lugar o acción de ir fuera de un sitio. salida
100%
Estado físico y mental de bienestar. salud
100%
Líquido rojo que circula por el cuerpo. sangre
100%
Período de siete días. semana
100%
Relación afectiva entre personas. amistad
50%
Desechos o cosas que ya no se usan. basura
50%
Líquido que se ingiere. bebida
50%
Característica que provoca admiración o placer visual. belleza
50%
Saludo afectuoso a alguien que llega. bienvenida
50%
Objeto usado para transportar cosas. bolsa
50%
Acción de tratar de encontrar algo. busca
50%
Parte superior del cuerpo donde están los ojos, boca y orejas. cabeza
50%
Objeto con forma de prisma usado para guardar cosas. caja
50%
Vehículo más grande que un automóvil usado para transportar cosas o personas. camioneta
50%
Prenda de vestir para la parte superior del cuerpo. camisa
50%
Parte comestible de un animal. carne
50%
Sustancia que se ingiere para obtener energía. comida
50%
Acción de adquirir productos o servicios. compra
50%
Cubierta dura de algunos moluscos. concha
50%
Expresión para pedir perdón. disculpa
50%
Parte posterior del cuerpo humano. espalda
50%
Altura de una persona. estatura
50%
Astro que brilla en el cielo nocturno. estrella
50%
Celebración con música, comida y alegría. fiesta
50%
Cuarto destinado para dormir o vivir. habitación
50%
Acción de comunicarse mediante palabras. habla
50%
Mujer con los mismos padres que otra persona. hermana
50%
Edificio donde se celebran ceremonias religiosas. iglesia
50%
Líquido blanco producido por mamíferos para alimentar a sus crías. leche
50%
Norma establecida por una autoridad. ley
50%
Agua que cae del cielo en forma de gotas. lluvia
50%
Satélite natural de la Tierra. luna
50%
Energía que permite ver en la oscuridad. luz
50%
Material obtenido de los árboles, usado para construir. madera
50%
Momento del día antes del mediodía. mañana
50%
Extremidad del cuerpo usada para sujetar o tocar cosas. mano
50%
Fruto redondo de color rojo, verde o amarillo. manzana
50%
Prenda que cubre el pie y parte de la pierna. media
50%
Progreso o aumento en calidad. mejora
50%
Mueble plano con patas usado para comer o trabajar. mesa
50%
Insecto volador de pequeño tamaño. mosca
50%
Mujer joven. muchacha
50%
Parte del cuerpo utilizada para respirar y oler. nariz
50%
Celebración del nacimiento de Jesús el 25 de diciembre. Navidad
50%
Agua congelada que cae en forma de copos blancos. nieve
50%
Persona joven de género femenino. niña
50%
Información relevante sobre un evento o situación. noticia
50%
Masa de gotas de agua suspendida en el cielo. nube
50%
Objeto esférico usado en juegos y deportes. pelota
50%
Capa externa que cubre el cuerpo. piel
50%
Extremidad del cuerpo usada para caminar. pierna
50%
Metal precioso de color blanco brillante. plata
50%
Zona de arena junto al mar o un río. playa
50%
Espacio público en una ciudad o pueblo. plaza
50%
Expresión usada para solicitar información. pregunta
50%
Hija de los tíos, relación de parentesco. prima
50%
Mujer que gobierna un país o monarquía. reina
50%
Información dada ante una pregunta. respuesta
50%
Articulación entre el muslo y la pierna. rodilla
50%
Prendas utilizadas para vestir. ropa
50%
Objeto circular usado para desplazamiento. rueda
50%
Parte de una planta que permite su reproducción. semilla
50%
Mujer adulta, generalmente casada. señora
50%
Mujer joven, usualmente soltera. señorita
50%
Reptil largo y sin patas. serpiente
50%
Conjunto de montañas o herramienta para cortar. sierra
50%
Mueble usado para sentarse. silla
50%
Hermana de los padres. tía
50%
Lugar donde se venden productos. tienda
50%
Existencia de los seres vivos. vida
50%
Acción de asistir o colaborar con alguien. ayuda
0%
Conjunto de cabello en la cabeza. cabellera
0%
Objeto de metal que suena al ser golpeado. campana
0%
Objeto usado para guardar dinero y documentos. cartera
0%
Prenda de vestir que se coloca alrededor del cuello. corbata
0%
Convicción o idea aceptada como verdadera. creencia
0%
Cualidad de ser encantador o divertido. gracia
0%
Objeto usado para abrir cerraduras. llave
0%
Esfuerzo físico o mental para lograr algo. lucha
0%
Conjunto de informaciones sobre diferentes temas. noticias
0%
Evaluación para demostrar conocimiento o habilidad. prueba
0%
Elemento que permite acceso a un lugar cerrado. puerta
0%
Línea delgada y larga. raya
0%
Espacio de una casa destinado a reuniones o descanso. sala
0%
Indicio o gesto que transmite información. seña
0%
Área oscura causada por la obstrucción de luz. sombra
0%
Expresión facial asociada a la felicidad. sonrisa
0%
Período del día entre el mediodía y la noche. tarde
0%
Recipiente usado para beber líquidos. taza
0%
Superficie del planeta o suelo natural. tierra
0%
Tela absorbente usada para secarse. toalla
0%
Animal mamífero domesticado para leche y carne. vaca
0%
Cilindro de cera con mecha usada para iluminación. vela
0%
Abertura en una pared para luz y ventilación. ventana
0%
Hecho o información real y comprobable. verdad
0%
Vegetales comestibles. verdura
0%
Ocasión o momento en que ocurre algo. vez
0%
Sentido que permite percibir imágenes. vista
0%
No matching quizzes found
Score Distribution
Percent of People with Each Score
Percentile by Number Answered
Your Score History
You have not taken this quiz